| 000 | 01105nam a22003137i 4500 | ||
|---|---|---|---|
| 003 | EG-ScBUE | ||
| 005 | 20220920103950.0 | ||
| 008 | 200219r20102002enka f 000 0 eng d | ||
| 020 | _a9780194376341 | ||
| 040 |
_aEG-ScBUE _beng _erda _cEG-ScBUE _dEG-ScBUE |
||
| 082 | 0 | 4 |
_a428.24071 _222 _bMAR |
| 100 | 1 |
_aMaris, Amanda, _eauthor. |
|
| 245 | 1 | 0 |
_aNew headway English course, _pBeginner, _pTeacher's book / _cAmanda Maris, Liz and John Soars. |
| 246 | 3 | 0 | _aBeginner |
| 246 | 3 | 0 | _aTeacher's book |
| 250 | _aReprinted edition. | ||
| 264 | 1 |
_aOxford ; _aNew York : _bOxford University Press, _c2010. |
|
| 300 |
_a147 pages : _billustrations ; _c28 cm |
||
| 336 |
_atext _2rdacontent _btxt |
||
| 337 |
_aunmediated _2rdamedia _bn |
||
| 338 |
_avolume _2rdacarrier _bnc |
||
| 650 | 7 |
_aEnglish language _xStudy and teaching _xForeign speakers. _2BUEsh |
|
| 650 | 7 |
_aEnglish language _vProblems, exercises, etc. _2BUEsh |
|
| 653 |
_bHHUUEENN _cSeptember2022 |
||
| 655 |
_vReading book _934232 |
||
| 700 | 1 |
_aSoars, Liz, _d1945- _eauthor. _934639 |
|
| 700 | 1 |
_aSoars, John, _d1951- _eauthor. _934639 |
|
| 942 |
_2ddc _cTR |
||
| 999 |
_c29934 _d29905 |
||